| 000 | 00838cab a2200229 4500 | ||
|---|---|---|---|
| 001 | WB3117-60 | ||
| 008 | 090401t1995 xxu||||| |||| 00| 0 eng d | ||
| 035 | _a(Sirsi) u61472 | ||
| 041 | _aeng | ||
| 245 | _aStrong demand for farmland frustrated | ||
| 260 | _c1995 | ||
| 350 | _a0 | ||
| 490 |
_aRICS Press Release _v(PR51/95RUR) 28 April 1995 |
||
| 490 |
_aFinancial Times _v4 May 1995, 12(4) |
||
| 520 | _aDemand for farmland is buoyant and is outstripping supply in a strong sellers` market according to the RICS in the first of its new quarterly surveys of the agricultural land market in England and Wales. (Single issue £25, Annual subscription £100) | ||
| 650 | _aFARMLAND PRICE INDEX | ||
| 650 | _aLAND PRICES | ||
| 650 | _aRICS FARMLAND PRICE INDEX | ||
| 690 | _aRURAL PRACTICE | ||
| 942 | _n0 | ||
| 948 | _c04/03/1997 | ||
| 999 |
_c38090 _d38090 |
||